Paul, apostle of the heart set free (Record no. 328)

000 -LEADER
fixed length control field 00996nam a2200265 a 4500
001 - CONTROL NUMBER
control field :::00013481$&:&@@
003 - CONTROL NUMBER IDENTIFIER
control field OkBaRHE
005 - DATE AND TIME OF LATEST TRANSACTION
control field 20100323203920.0
008 - FIXED-LENGTH DATA ELEMENTS--GENERAL INFORMATION
fixed length control field s1977 j 000 0 eng u
020 ## - INTERNATIONAL STANDARD BOOK NUMBER
International Standard Book Number 0802835015
040 ## - CATALOGING SOURCE
Transcribing agency
100 1# - MAIN ENTRY--PERSONAL NAME
Personal name Bruce, F. F. (Frederick Fyvie), 1910-
245 10 - TITLE STATEMENT
Title Paul, apostle of the heart set free
Statement of responsibility, etc F. F. Bruce.
250 ## - EDITION STATEMENT
Edition statement 1st American ed.
260 ## - PUBLICATION, DISTRIBUTION, ETC. (IMPRINT)
Place of publication, distribution, etc Grand Rapids
Name of publisher, distributor, etc Eerdmans
Date of publication, distribution, etc 1977
300 ## - PHYSICAL DESCRIPTION
Extent 491 p., [8] leaves of plates : ill. ;
Dimensions 24 cm.
650 ## - SUBJECT ADDED ENTRY--TOPICAL TERM
Topical term or geographic name as entry element Bible. N.T. Biography.
650 ## - SUBJECT ADDED ENTRY--TOPICAL TERM
Topical term or geographic name as entry element Bible. N.T. Epistles of Paul
General subdivision Theology.
650 ## - SUBJECT ADDED ENTRY--TOPICAL TERM
Topical term or geographic name as entry element Christian saints
General subdivision Turkey
-- Tarsus
-- Biography.
650 ## - SUBJECT ADDED ENTRY--TOPICAL TERM
Topical term or geographic name as entry element Paul, the Apostle, Saint.
650 ## - SUBJECT ADDED ENTRY--TOPICAL TERM
Topical term or geographic name as entry element Tarsus (Turkey)
General subdivision Biography.
942 ## - ADDED ENTRY ELEMENTS (KOHA)
Source of classification or shelving scheme
Koha item type Books
Copies
Koha item type Source of classification or shelving scheme Collection code Copy number Barcode Price effective from Date acquired Not for loan Date last seen Shelving location Full call number Withdrawn status Lost status Damaged status Permanent Location
Books Reference1134812010-04-142010-04-14 2018-03-16General StacksBS 2506 .B755   RHEMA Bible Training College
Books Reference2180532010-04-142010-04-14 2018-03-16General StacksBS 2506 .B755   RHEMA Bible Training College